The LEGO Movie Characters - Statistics

General Stats
  • This quiz has been taken 1,236 times
    1,123 since last reset
  • The average score is 10 of 14
Answer Stats
Actor/Actress Character Description Character % Correct
Chris Pratt An ordinary construction worker who is mistaken for the Special Emmet
95%
Will Arnett A black hero from DC Universe Batman
91%
Elizabeth Banks A tough-as-nails and tech-savvy female Wyldstyle
89%
Channing Tatum A blue and red hero from DC Universe Superman
86%
Alison Brie A hybrid between a unicorn and a kitty Unikitty
85%
Jonah Hill A green hero from DC Universe Green Lantern
84%
Liam Neeson A police officer with a split personality Good Cop/Bad Cop
82%
Cobie Smulders A female hero from DC Universe Wonder Woman
82%
Charlie Day A 1980-something astronaut with a cracked helmet Benny
72%
Will Ferrell The company president of Octan Corporation and tyrant of Brickville Lord Business
72%
Nick Offerman A pirate seeking revenge on Lord Business Metalbeard
63%
Morgan Freeman The old wizard who is a Master Builder Vitruvius
50%
Will Ferrell The father of the above The Man Upstairs
29%
Jadon Sand The boy in the live action part of the film Finn
24%
No matching quizzes found
Score Distribution
Percent of People with Each Score
Percentile by Number Answered
Your Score History
You have not taken this quiz since the last reset